MARC details
| 000 -CABECERA |
| campo de control de longitud fija |
01166nam a2200277 a 4500 |
| 001 - NÚMERO DE CONTROL |
| campo de control |
000021040 |
| 005 - FECHA Y HORA DE LA ÚLTIMA TRANSACCIÓN |
| campo de control |
20240520190011.0 |
| 008 - DATOS DE LONGITUD FIJA--INFORMACIÓN GENERAL |
| campo de control de longitud fija |
100830s1987 dr ac r 000 0bspa d |
| 040 ## - FUENTE DE LA CATALOGACIÓN |
| Centro catalogador/agencia de origen |
DO-SdBNP |
| Lengua de catalogación |
spa |
| Centro/agencia transcriptor |
BNPHU |
| 082 ## - NÚMERO DE LA CLASIFICACIÓN DECIMAL DEWEY |
| Número de clasificación |
291.092 |
| Número de documento/Ítem |
A385p |
| 100 1# - ENTRADA PRINCIPAL--NOMBRE DE PERSONA |
| Nombre de persona |
Alfau Durán, Vetilio, |
| Fechas asociadas al nombre |
1909-1985 |
| 9 (RLIN) |
10091 |
| 245 13 - MENCIÓN DE TÍTULO |
| Título |
El padre Billini / |
| Mención de responsabilidad, etc. |
Vetilio Alfau Durán ; selección Monseñor Rafael Bello Peguero, Pbro. ; presentación de Juan F. Pepén Solimán. |
| 260 ## - PUBLICACIÓN, DISTRIBUCIÓN, ETC. |
| Lugar de publicación, distribución, etc. |
Santo Domingo : |
| Nombre del editor, distribuidor, etc. |
Amigo del Hogar, |
| Fecha de publicación, distribución, etc. |
1987. |
| 300 ## - DESCRIPCIÓN FÍSICA |
| Extensión |
150 p. ; |
| Dimensiones |
25 cm. |
| 490 1# - MENCIÓN DE SERIE |
| Mención de serie |
Hombres de iglesia |
| Designación de volumen o secuencia |
2 |
| 500 ## - NOTA GENERAL |
| Nota general |
Incluye datos biográficos del autor en la solapa de la cubierta. |
| 504 ## - NOTA DE BIBLIOGRAFÍA, ETC. |
| Nota de bibliografía, etc. |
Incluye referencias bibliográficas y notas al pie de las páginas. |
| 590 ## - NOTA LOCAL (RLIN) |
| Nota local |
Inventariado, 2018 /VM |
| 600 14 - PUNTO DE ACCESO ADICIONAL DE MATERIA--NOMBRE DE PERSONA |
| Nombre de persona |
BILLINI HERNÁNDEZ, FRANCISCO JAVIER, |
| Títulos y otros términos asociados al nombre |
PADRE, |
| Fechas asociadas al nombre |
1837-1890 |
| 9 (RLIN) |
44014 |
| 650 #0 - PUNTO DE ACCESO ADICIONAL DE MATERIA--TÉRMINO DE MATERIA |
| Término de materia o nombre geográfico como elemento de entrada |
Clero |
| 9 (RLIN) |
19068 |
| 650 #4 - PUNTO DE ACCESO ADICIONAL DE MATERIA--TÉRMINO DE MATERIA |
| Término de materia o nombre geográfico como elemento de entrada |
Iglesia católica |
| Subdivisión geográfica |
República Dominicana |
| Subdivisión general |
Historia |
| 9 (RLIN) |
358 |
| 700 12 - PUNTO DE ACCESO ADICIONAL--NOMBRE DE PERSONA |
| Nombre de persona |
Bello Peguero, Rafael, |
| Fechas asociadas al nombre |
1932-2022 |
| Término indicativo de función/relación |
sel. |
| 9 (RLIN) |
2405 |
| 700 12 - PUNTO DE ACCESO ADICIONAL--NOMBRE DE PERSONA |
| Nombre de persona |
Pepén Solimán, Juan F., |
| Término indicativo de función/relación |
present. |
| 9 (RLIN) |
44015 |
| 830 #0 - PUNTO DE ACCESO ADICIONAL DE SERIE-TÍTULO UNIFORME |
| Título uniforme |
Hombres de iglesia |
| Número de parte o sección de la obra |
2 |
| 9 (RLIN) |
44016 |
| 910 ## - DATOS DE OPCIÓN DEL USUARIO (OCLC) |
| Datos de opción del usuario |
Validado. Control de calidad. EMS |